Statistics for Maroon 5 Charting Songs (Bubbling Under)

Click here to take the quiz!

General Stats

  • This quiz has been taken 4 times
  • The average score is 9 of 16

Answer Stats

AlbumPeakArtist(s)Song% Correct
Songs About Jane#2Maroon 5She Will Be Loved
100%
Overexposed#2Maroon 5Daylight
100%
It Won't Be Soon Before Long#5Maroon 5Makes Me Wonder
100%
Songs About Jane#3Maroon 5Sunday Morning
67%
Songs About Jane#7Maroon 5This Love
67%
Overexposed#9Maroon 5Lucky Strike
67%
Overexposed#11Maroon 5Love Somebody
67%
It Won't Be Soon Before Long#18Maroon 5Wake Up Call
67%
V#21Maroon 5Maps
67%
Songs About Jane#5Maroon 5Harder to Breathe
33%
V#7Maroon 5 ft. Gwen StefaniMy Heart is Open
33%
Hands All Over#8Maroon 5Never Gonna Leave This Bed
33%
V#8Maroon 5Feelings
33%
It Won't Be Soon Before Long#8Maroon 5Won't Go Home Without You
33%
Red Pill Blues#18Maroon 5 & Julia MichaelsHelp Me Out
33%
It Won't Be Soon Before Long#23Maroon 5Nothing Lasts Forever
0%

Score Distribution

Percentile by Number Answered

Percent of People with Each Score

Your Score History

You have not taken this quiz